02048nam a2200421 a 450000500170000000800410001702000150005804100080007309200170008110000310009824500950012925000400022426000560026430000110032050001480033165300680047965300650054765300350061265300450064765300370069265300410072965300700077065300430084065300100088365300390089365300510093265300550098365300520103865300530109065300390114365300610118265300510124365300600129465300500135494200120140499900150141695201950143120240507120916.0101001t1992||||ag f |||| 001 0 spa d a9509428167 aspa c152l77sSCH1 aSchávelzon, José93778 aPsique. Cancerología.bPsicología. Psicoterapia. Psicofarmacos / cJosé Schávelzon a1a ed. bPrólogo de Henry Laborit aBuenos Aires: bCientífica Interamericana;c1992. a368 p. aSchavelzon, J. (1992). Psique. Cancerología. Psicología. Psicoterapia. Psicofarmacos. (1a ed.). Buenos Aires : Científica Interamericana. aPrevalencia de trastornos emocionales en pacientes con cáncer aEtiología. Facores que determinan la situación emocional aSintomatología y tratamiento aPsicofármacos. Definición e historia aPsicofármacos. Clasificación aConcepto de inhibición en acción aRespuesta del paciente a la administración de un psicofármaco aTratamiento de las nauseas y vómitos aDolor aDesnutrición, anorexia y astenia aPsicoterapia y pasicofármacos en oncología aInformación en cancerología. La comunicación aDesadaptación efectiva. Sexualidad y cáncer aMitos. El contagio del cáncer. Los privilegios aAnexo 1: Los modelos de enfermedad aAnexo 2: El paciente que se queja de dolor y su entorno. aAnexo 3: El hombre como unidad psicosomática aAnexo 4: Un modelo psicosomático y psicosocial: Freud aAnexo 5: Personalidad premórbida y cáncer 2ddccBK c2194d2194 00102ddc4070aBFMbBFMcCRd2015-09-17eDonación Jaime Novodvoretz, Septiembre 2015l0o152 77 SCHp3529r2015-09-17tEj.1w2015-09-17yBKzDonación Jaime Novodvoretz, Septiembre 2015